书目信息 |
| 题名: |
工程量清单计价
|
|
| 作者: | 袁建新 编著 | |
| 分册: | ||
| 出版信息: | 北京 中国建筑工业出版社 2004.08 |
|
| 页数: | 297页 | |
| 开本: | 26cm | |
| 丛书名: | ||
| 单 册: | ||
| 中图分类: | TU723.3 | |
| 科图分类: | ||
| 主题词: | 建筑工程--jian zhu gong cheng--工程造价--高等教育--教材 | |
| 电子资源: | ||
| ISBN: | 7-112-06607-7 | |
| 000 | 00929nam0 2200253 450 | |
| 001 | 010232850313 | |
| 005 | 20050926105543.78 | |
| 010 | @a7-112-06607-7@dCNY27.00 | |
| 100 | @a20050723d2004 km y0chiy0120 ea | |
| 101 | 0 | @achi |
| 102 | @aCN@b110000 | |
| 105 | @ay a 000yy | |
| 200 | 1 | @a工程量清单计价@Agong cheng liang qing dan ji jia@f袁建新编著@Fyuan jian xin bian zhu |
| 210 | @a北京@c中国建筑工业出版社@d2004.08 | |
| 215 | @a297页@d26cm | |
| 300 | @a土建学科高等职业教育专业委员会规划推荐教材 | |
| 320 | @a有书目。 | |
| 330 | @a本书介绍了工程量清单计价规范概述、工程量清单编制方法、建筑工程工程量清单编制、装饰装修工程工程量清单编制、安装工程工程量清单编制等内容。 | |
| 333 | @a工程造价与建筑管理类专业适用 | |
| 606 | 0 | @a建筑工程@Ajian zhu gong cheng@x工程造价@x高等教育@x教材 |
| 690 | @aTU723.3@v4 | |
| 701 | 0 | @a袁建新@Ayuan jian xin@4编著 |
| 801 | 0 | @aCN@bQSSK@c20050926 |
| 905 | @a10447@dTU723.3@eY897 | |
| 工程量清单计价/袁建新编著.-北京:中国建筑工业出版社,2004.08 |
| 297页;26cm |
| 土建学科高等职业教育专业委员会规划推荐教材.-使用对象:工程造价与建筑管理类专业适用 |
| ISBN 7-112-06607-7:CNY27.00 |
| 本书介绍了工程量清单计价规范概述、工程量清单编制方法、建筑工程工程量清单编制、装饰装修工程工程量清单编制、安装工程工程量清单编制等内容。 |
| ● |
| 相关链接 |
|
|
|
正题名:工程量清单计价
索取号:TU723.3/Y897
 
预约/预借
| 序号 | 登录号 | 条形码 | 馆藏地/架位号 | 状态 | 备注 |
| 1 | 526617 | 205266175 | 建筑库201/201建筑库 38排4列2层/ [索取号:TU723.3/Y897] | 在馆 | |
| 2 | 526618 | 205266184 | 建筑库201/201建筑库 107排5列1层/ [索取号:TU723.3/Y897] | 在馆 | |
| 3 | 526619 | 205266193 | 建筑库201/201建筑库 38排4列2层/ [索取号:TU723.3/Y897] | 在馆 |